00534nam a2200205 a 4500001001300000003000900013005001700022008004100039020001000080082001300090100002100103245004100124260004200165300000900207500003500216505002400251650001300275650001900288700002100307nice12345678IN_TiNIC20260116013518.0050524s1974 dela grp 000 0 eng  ac25000a294bWIL aWilliams, Monier aReligious Thoughts and Life in India aDelhibMunshiram Manoharlal Pubc1974 a520p aincludes index and biblioraphy2 abibliography, index aHinduism aIndia-Religion1 aWilliams, Monier